000 00536cam a2200181 4500500
005 20260405001641.0
041 _afre
042 _adc
100 1 0 _aBarton, Adrien
_eauthor
245 0 0 _aUne personnalité bien forgée
260 _c2013.
500 _a37
690 _aBertram Forer
690 _aHoroscope
690 _atest
786 0 _nPhilosophie magazine | 74 | 11 | 2013-11-01 | p. 83-83 | 1951-1787
856 4 1 _uhttps://shs.cairn.info/magazine-philosophie-magazine-2013-11-page-83?lang=fr&redirect-ssocas=7080
999 _c2049699
_d2049699